Представление документа в формате MARC21

Поле Инд. ПП Название Значение
Тип записи m
Библиографический уровень m
001 Контрольный номер 37689ebded3e428baf728e783cf62f8c
005 Дата корректировки 20190218103239.7
008 Кодируемые данные 190214|||||||||ru |||||||||||||||||rus||
040 b Код языка каталог. rus
e Правила каталог. PSBO
084 a Индекс другой классификации/Индекс ББК 32.97+32.81
090 x Авторский знак М 54
245 10 a Заглавие Методические указания к учебной практике
c Ответственность М-во образования и науки, ФГБОУ ВПО "Мурман. гос. техн. ун-т", Каф. математики, информ. систем и прогр. обеспечения ; сост. В. В. Качала, Н. М. Качала, М. С. Бурзун
h Физич. носитель Электронный ресурс
b Продолж. заглавия для обучающихся по направлению подгот. 09.03.03 "Прикладная информатика" (уровень бакалавриата)
256 a Характеристики компьютерного файла Электрон. текстовые дан. (1 файл : 326 Kб)
260 a Место издания Мурманск
b Издательство Изд-во МГТУ
c Дата издания 2018
500 a Примечание Доступ из локальной сети Мурман. гос. техн. ун-та. - Загл. с экрана
583 1_ x Служебное примечание Полнотекстовые документы
x Служебное примечание Труды преподавателей МГТУ
x Служебное примечание Прикладная информатика. ВПО
x Служебное примечание Без печатного варианта
z Открытое примечание 09.03.03
650 04 a Основная рубрика Прикладная информатика-Методические указания
653 1_ a Ключевые слова Бакалавриат; Методические указания; Прикладная информатика; Учебная практика; Электронные версии
a Ключевые слова Труды преподавателей МГТУ
700 12 a Другие авторы Качала В. В.
e Роль лиц Составитель
700 12 a Другие авторы Качала Н. М.
e Роль лиц Составитель
700 12 a Другие авторы Бурзун М. С.
e Роль лиц Составитель
856 40 u URL https://elib.mauniver.ru/2019/M_19_18.pdf
901 t Тип документа m
952 c Вид литературы учебно-методическое издание